[Event "25. Copenhagen Open  (Politiken Cup)"]
[Site "Copenhagen"]
[Date "2003.07.20"]
[Round "7"]
[White "Hvenekilde, Jorgen"]
[Black "Jensen, Sren G"]
[Result "1-0"]
[WhiteElo "2259"]
[BlackElo "2123"]
[PlyCount "33"]
[EventDate "2003.07.14"]
[EventType "swiss"]
[EventRounds "11"]
[EventCountry "DEN"]
[SourceDate "2004.01.01"]

1. d4 Nf6 2. c4 e6 3. Nc3 Bb4 4. Bd2 O-O 5. e3 d5 6. Nf3 b6 7. cxd5 Nxd5 8. Rc1
Bb7 9. Bd3 Nd7 10. O-O c5 11. Re1 Rc8 12. Bb1 Re8 13. Nb5 cxd4 14. Rxc8 Bxc8
15. Bxb4 Nxb4 16. Qxd4 Qe7 17. Nd6 1-0

[Event "25. Copenhagen Open  (Politiken Cup)"]
[Site "Copenhagen"]
[Date "2003.07.20"]
[Round "7"]
[White "Jacobsen, Claus"]
[Black "Knudsen, Erik"]
[Result "1-0"]
[WhiteElo "1075"]
[BlackElo "1105"]
[PlyCount "63"]
[EventDate "2003.07.14"]
[EventType "swiss"]
[EventRounds "11"]
[EventCountry "DEN"]
[SourceDate "2004.01.01"]

1. e4 c6 2. Nf3 d5 3. Nc3 dxe4 4. Nxe4 Nf6 5. Nxf6+ gxf6 6. d4 Bf5 7. c3 Nd7 8.
Be3 Nb6 9. c4 e6 10. c5 Nd5 11. a3 Qa5+ 12. Bd2 Qc7 13. Be2 O-O-O 14. b4 Nf4
15. Bf1 Rg8 16. Bxf4 Qxf4 17. g3 Qe4+ 18. Be2 Bg4 19. O-O Bxf3 20. Bxf3 Qxd4
21. Qa4 Bxc5 22. Bxc6 Bb6 23. Bg2 Qd7 24. Qc2+ Kb8 25. Qxh7 Rg6 26. Qh4 Qd4 27.
Qh7 Qd7 28. Rad1 Qe8 29. Qh4 Qe7 30. Qf4+ e5 31. Qe4 Qc7 32. Rxd8+ 1-0

[Event "25. Copenhagen Open  (Politiken Cup)"]
[Site "Copenhagen"]
[Date "2003.07.20"]
[Round "7"]
[White "Jakobsen, Ole"]
[Black "Simonsen, Hans Kristian"]
[Result "1/2-1/2"]
[WhiteElo "2381"]
[BlackElo "2233"]
[PlyCount "135"]
[EventDate "2003.07.14"]
[EventType "swiss"]
[EventRounds "11"]
[EventCountry "DEN"]
[SourceDate "2004.01.01"]

1. d4 d5 2. Nf3 Nf6 3. c4 c6 4. Nbd2 g6 5. g3 Bg7 6. Bg2 O-O 7. O-O Qa5 8. Nb3
Qa4 9. Ne5 dxc4 10. Nd2 Qxd1 11. Rxd1 Nbd7 12. Nexc4 Rd8 13. Nb3 Nb6 14. Nca5
e5 15. Bg5 exd4 16. Rxd4 Rxd4 17. Nxd4 h6 18. Bd2 Nfd5 19. e3 Rb8 20. Rc1 Bd7
21. b4 Bxd4 22. exd4 Kg7 23. h4 Bf5 24. b5 cxb5 25. Rc5 Be6 26. Rxb5 Nc7 27.
Rb2 Ncd5 28. Rb5 Nc7 29. Rb2 Ncd5 30. Bf3 f6 31. Rb5 g5 32. Rc5 Kf7 33. a3 Ke7
34. Bb4 Kd7 35. Kh2 a6 36. Kh1 Nxb4 37. axb4 Na4 38. Rc1 b6 39. Nc6 Rc8 40. d5
Bf5 41. Ra1 b5 42. g4 Bd3 43. hxg5 hxg5 44. Kg2 Bc4 45. Rh1 Nb6 46. Rh7+ Kd6
47. Ne7 Re8 48. Nf5+ Ke5 49. d6 Be6 50. Ra7 Bxf5 51. gxf5 Rd8 52. Rxa6 Rxd6 53.
Ra5 Kxf5 54. Rxb5+ Kf4 55. Rc5 f5 56. Rc6 Rd3 57. Rxb6 Rxf3 58. Rc6 g4 59. b5
Rb3 60. b6 Rb2 61. Rc4+ Kg5 62. Rc6 f4 63. Kg1 f3 64. Rc5+ Kh4 65. Rc6 Rb5 66.
Kh2 Rb2 67. Kg1 Rb1+ 68. Kh2 1/2-1/2

[Event "25. Copenhagen Open  (Politiken Cup)"]
[Site "Copenhagen"]
[Date "2003.07.20"]
[Round "7"]
[White "Johansson, Thomas"]
[Black "Beliavsky, Alexander"]
[Result "0-1"]
[WhiteElo "2231"]
[BlackElo "2668"]
[PlyCount "46"]
[EventDate "2003.07.14"]
[EventType "swiss"]
[EventRounds "11"]
[EventCountry "DEN"]
[SourceDate "2004.01.01"]

1. e4 e6 2. d4 d5 3. e5 c5 4. c3 Nc6 5. Nf3 Qb6 6. Be2 f6 7. exf6 Nxf6 8. O-O
cxd4 9. cxd4 Bd6 10. Nc3 O-O 11. b3 Bd7 12. Nb5 Be7 13. Bf4 Rac8 14. Nd6 Rcd8
15. Nb5 Ne8 16. Bg3 Bf6 17. Be5 Nxe5 18. dxe5 Bxb5 19. Bxb5 Qxb5 20. Nd4 Qb6
21. exf6 Nxf6 22. f4 Ne4 23. Kh1 e5 0-1

[Event "25. Copenhagen Open  (Politiken Cup)"]
[Site "Copenhagen"]
[Date "2003.07.20"]
[Round "7"]
[White "Johnson, Bjrn"]
[Black "Kokholm, Daniel"]
[Result "1-0"]
[WhiteElo "2256"]
[BlackElo "2115"]
[PlyCount "89"]
[EventDate "2003.07.14"]
[EventType "swiss"]
[EventRounds "11"]
[EventCountry "DEN"]
[SourceDate "2004.01.01"]

1. f4 Nc6 2. Nf3 d5 3. e3 Bg4 4. Bb5 e6 5. O-O Nge7 6. h3 Bxf3 7. Qxf3 g6 8. c3
Bg7 9. d4 f5 10. b3 O-O 11. a4 a5 12. Ba3 Rf7 13. Rc1 Nb8 14. Ra2 c6 15. Bd3
Bf8 16. Qd1 Nc8 17. Bxf8 Qxf8 18. Rb2 Nd6 19. c4 Na6 20. c5 Ne8 21. Bxa6 Rxa6
22. b4 axb4 23. Rxb4 Nf6 24. Qb3 Qa8 25. Nd2 Rc7 26. Rb1 Ra7 27. Kh2 Nd7 28.
Nf3 h6 29. Ne5 Nxe5 30. fxe5 Qd8 31. Qd1 Rf7 32. R1b3 Kg7 33. Qb1 Qc8 34. a5
Rxa5 35. Rxb7 Ra7 36. Rxa7 Rxa7 37. Rb8 Qd7 38. Qb6 Rc7 39. Qa6 Ra7 40. Qc8
Qxc8 41. Rxc8 Ra3 42. Rxc6 Rxe3 43. Rxe6 Re4 44. c6 Rxd4 45. c7 1-0

[Event "25. Copenhagen Open  (Politiken Cup)"]
[Site "Copenhagen"]
[Date "2003.07.20"]
[Round "7"]
[White "Jorgensen, Dennis"]
[Black "Kongsted, Halfdan Christian"]
[Result "1/2-1/2"]
[WhiteElo "2104"]
[BlackElo "2246"]
[PlyCount "50"]
[EventDate "2003.07.14"]
[EventType "swiss"]
[EventRounds "11"]
[EventCountry "DEN"]
[SourceDate "2004.01.01"]

1. d4 Nf6 2. c4 e6 3. Nf3 b6 4. a3 c5 5. d5 Ba6 6. b3 exd5 7. cxd5 d6 8. g3 Bb7
9. Nc3 b5 10. Bg2 g6 11. O-O a6 12. Bb2 Bg7 13. e4 O-O 14. Re1 Nbd7 15. Re2 Rc8
16. h3 Re8 17. Ne1 Nh5 18. Kh2 Qg5 19. Qd2 Qxd2 20. Rxd2 Bd4 21. Nc2 Bg7 22.
Ne3 Bd4 23. Nc2 Bf6 24. Ne3 Bd4 25. Ned1 Bg7 1/2-1/2

[Event "25. Copenhagen Open  (Politiken Cup)"]
[Site "Copenhagen"]
[Date "2003.07.20"]
[Round "7"]
[White "Kaaber Hansen, Jacob"]
[Black "Cohen, Ronnie"]
[Result "1-0"]
[WhiteElo "2032"]
[BlackElo "1695"]
[PlyCount "83"]
[EventDate "2003.07.14"]
[EventType "swiss"]
[EventRounds "11"]
[EventCountry "DEN"]
[SourceDate "2004.01.01"]

1. d4 Nf6 2. c4 g6 3. Nc3 Bg7 4. e4 d6 5. Be2 O-O 6. Nf3 e5 7. O-O Nc6 8. d5
Ne7 9. Ne1 Nd7 10. Be3 f5 11. f3 f4 12. Bf2 g5 13. a4 Ng6 14. a5 h5 15. Nb5 a6
16. Na7 Nf6 17. Nxc8 Rxc8 18. c5 Nh8 19. Qb3 Rb8 20. cxd6 cxd6 21. Rc1 Qd7 22.
Nc2 Rfc8 23. Na3 Rxc1 24. Rxc1 Rc8 25. Nc4 g4 26. Rc3 Nf7 27. Qb4 Qe7 28. Bh4
Rc5 29. fxg4 hxg4 30. Bxg4 Qc7 31. Bxf6 Bxf6 32. Be6 Kf8 33. Bxf7 Qxf7 34. Nxd6
Qh5 35. Rxc5 Qd1+ 36. Kf2 Bh4+ 37. g3 fxg3+ 38. hxg3 Bxg3+ 39. Kxg3 Qg1+ 40.
Kf3 Qf1+ 41. Ke3 Qg1+ 42. Kd3 1-0

[Event "25. Copenhagen Open  (Politiken Cup)"]
[Site "Copenhagen"]
[Date "2003.07.20"]
[Round "7"]
[White "Kallio, Heikki"]
[Black "Mortensen, Erling"]
[Result "1-0"]
[WhiteElo "2471"]
[BlackElo "2445"]
[PlyCount "81"]
[EventDate "2003.07.14"]
[EventType "swiss"]
[EventRounds "11"]
[EventCountry "DEN"]
[SourceDate "2004.01.01"]

1. d4 Nf6 2. c4 g6 3. Nc3 Bg7 4. Nf3 O-O 5. Bg5 d6 6. e3 h6 7. Bh4 Nc6 8. d5
Nb4 9. Be2 Na6 10. Nd4 Nc5 11. Bf3 a5 12. O-O Nfd7 13. Be2 f5 14. f4 Nf6 15.
Bf3 Bd7 16. Qc2 Rc8 17. Nb3 Nce4 18. Nxa5 c6 19. dxc6 bxc6 20. Nb3 d5 21. Nxe4
fxe4 22. Be2 Qe8 23. Nc5 Bf5 24. Qd2 Rd8 25. Nb3 Nh7 26. Nd4 Bc8 27. cxd5 cxd5
28. Rac1 g5 29. fxg5 Rxf1+ 30. Bxf1 hxg5 31. Bg3 Bd7 32. Bc7 Ra8 33. b4 e5 34.
Nb3 Nf6 35. Nc5 Bc8 36. b5 g4 37. b6 Bh6 38. Qf2 Kg7 39. b7 Bxb7 40. Nxb7 d4
41. Nd6 1-0

[Event "25. Copenhagen Open  (Politiken Cup)"]
[Site "Copenhagen"]
[Date "2003.07.20"]
[Round "7"]
[White "Korolev, Nikolaj"]
[Black "Wilsbeck, Jan Borge"]
[Result "1-0"]
[WhiteElo "2117"]
[BlackElo "1975"]
[PlyCount "95"]
[EventDate "2003.07.14"]
[EventType "swiss"]
[EventRounds "11"]
[EventCountry "DEN"]
[SourceDate "2004.01.01"]

1. e4 c5 2. Nf3 e6 3. d4 cxd4 4. Nxd4 a6 5. Bd3 Qc7 6. O-O Nf6 7. Qe2 d6 8. c4
Be7 9. Nc3 Nc6 10. Nxc6 bxc6 11. f4 e5 12. f5 h5 13. Bg5 Ng4 14. Bxe7 Qa7+ 15.
Kh1 Kxe7 16. Na4 Qd4 17. b3 Bb7 18. c5 d5 19. Rac1 Rad8 20. exd5 cxd5 21. c6
Bc8 22. Nc5 e4 23. Bxa6 Qe5 24. g3 Nf6 25. b4 Bxf5 26. c7 Rdg8 27. Nd3 Qe6 28.
c8=Q Rxc8 29. Rxc8 Rxc8 30. Nc5 Rxc5 31. bxc5 Bg4 32. Qb5 Bf3+ 33. Kg1 Qh3 34.
Qb2 h4 35. Qe5+ Kf8 36. Qb8+ Ne8 37. Rf2 hxg3 38. Qxg3 Qd7 39. Be2 Bxe2 40.
Rxe2 Qc6 41. Qc3 Nc7 42. Rc2 Ne6 43. Qb4 d4 44. Qb6 Qd5 45. c6 d3 46. c7 Nxc7
47. Rxc7 g6 48. Qf6 1-0

[Event "25. Copenhagen Open  (Politiken Cup)"]
[Site "Copenhagen"]
[Date "2003.07.20"]
[Round "7"]
[White "Krasenkow, Michal"]
[Black "Holst, Allan"]
[Result "1-0"]
[WhiteElo "2585"]
[BlackElo "2361"]
[PlyCount "119"]
[EventDate "2003.07.14"]
[EventType "swiss"]
[EventRounds "11"]
[EventCountry "DEN"]
[SourceDate "2004.01.01"]

1. Nf3 c5 2. c4 g6 3. d4 cxd4 4. Nxd4 Bg7 5. e4 Nc6 6. Be3 Nf6 7. Nc3 O-O 8.
Be2 d6 9. O-O Bd7 10. f4 Nxd4 11. Bxd4 a5 12. e5 Ne8 13. exd6 Nxd6 14. Bxg7
Kxg7 15. Qd4+ Kg8 16. Rad1 Bc6 17. Qe5 Qb8 18. Bd3 Nc8 19. Qg5 Qa7+ 20. Kh1 f5
21. Rfe1 Qb6 22. Rd2 a4 23. h4 a3 24. h5 Kg7 25. b3 Qd4 26. Nb1 Qf6 27. h6+ Kh8
28. Qxf6+ Rxf6 29. c5 Rf8 30. Bc4 b6 31. cxb6 Be4 32. Nc3 Nxb6 33. Bb5 Rac8 34.
Nxe4 fxe4 35. Rxe4 Rc5 36. Re5 Rc7 37. g3 Nc8 38. Bc4 Nd6 39. Be6 Rb7 40. Rc2
Ra7 41. Kg2 Rd8 42. Rcc5 Rda8 43. Kf3 Ne8 44. Rc8 Rxc8 45. Bxc8 Kg8 46. b4 Kf8
47. Ra5 Rc7 48. Be6 Rc6 49. Bb3 e6 50. Rxa3 Nc7 51. Ra7 Kg8 52. Rb7 Rc3+ 53.
Ke2 Nd5 54. Bxd5 exd5 55. a4 Rxg3 56. a5 Ra3 57. Rg7+ Kf8 58. Rxh7 Ra4 59. Kd3
Rxb4 60. a6 1-0

[Event "25. Copenhagen Open  (Politiken Cup)"]
[Site "Copenhagen"]
[Date "2003.07.20"]
[Round "7"]
[White "Kristjansson, Atli Freyr"]
[Black "Brasoy, Aksel"]
[Result "0-1"]
[WhiteElo "1560"]
[BlackElo "1794"]
[PlyCount "46"]
[EventDate "2003.07.14"]
[EventType "swiss"]
[EventRounds "11"]
[EventCountry "DEN"]
[SourceDate "2004.01.01"]

1. e4 c5 2. Nf3 e6 3. d4 cxd4 4. Nxd4 a6 5. Be3 Nf6 6. Nc3 Qc7 7. Be2 Bb4 8.
Qd3 Nxe4 9. Bd2 Nxd2 10. Kxd2 Qf4+ 11. Qe3 Qxe3+ 12. fxe3 Nc6 13. a3 Bxc3+ 14.
Kxc3 Ne5 15. Rad1 b6 16. Nf3 Ng4 17. Rde1 Nxe3 18. Bd3 Nd5+ 19. Kd4 Nf4 20. Be4
d5 21. g3 dxe4 22. gxf4 exf3 23. f5 Ke7 0-1

[Event "25. Copenhagen Open  (Politiken Cup)"]
[Site "Copenhagen"]
[Date "2003.07.20"]
[Round "7"]
[White "Lahlum, Hans Olav"]
[Black "Klitgaard, Thomas"]
[Result "1/2-1/2"]
[WhiteElo "2202"]
[BlackElo "2098"]
[PlyCount "53"]
[EventDate "2003.07.14"]
[EventType "swiss"]
[EventRounds "11"]
[EventCountry "DEN"]
[SourceDate "2004.01.01"]

1. d4 Nf6 2. c4 e6 3. Nc3 d5 4. Nf3 Nbd7 5. cxd5 exd5 6. Bg5 Be7 7. Qc2 c6 8.
e3 O-O 9. Bd3 Re8 10. O-O Nf8 11. h3 Be6 12. Rab1 a5 13. a3 N6d7 14. Bxe7 Qxe7
15. b4 axb4 16. axb4 Nb6 17. Nd2 Ng6 18. Rfe1 Nh4 19. Ne2 Qg5 20. Ng3 h5 21.
Kh2 Qf6 22. Rf1 Qh6 23. f4 Bd7 24. Nf3 Nxf3+ 25. Rxf3 Nc8 26. b5 Nd6 27. bxc6
1/2-1/2

[Event "25. Copenhagen Open  (Politiken Cup)"]
[Site "Copenhagen"]
[Date "2003.07.20"]
[Round "7"]
[White "Lappage, Jonathan"]
[Black "Naes, Flovin Tor"]
[Result "1/2-1/2"]
[WhiteElo "2208"]
[BlackElo "2330"]
[PlyCount "115"]
[EventDate "2003.07.14"]
[EventType "swiss"]
[EventRounds "11"]
[EventCountry "DEN"]
[SourceDate "2004.01.01"]

1. e4 e5 2. Nf3 Nc6 3. Bb5 Nf6 4. O-O Nxe4 5. Qe2 Nd6 6. Bxc6 dxc6 7. Qxe5+ Qe7
8. Qxe7+ Bxe7 9. Re1 Bg4 10. Ne5 Bf5 11. d3 f6 12. Nf3 Kf7 13. Bf4 g5 14. Bg3
h5 15. h4 Rae8 16. Nbd2 g4 17. Nd4 Bd7 18. Re2 c5 19. N4b3 Nf5 20. Ne4 b6 21.
Rae1 Bd8 22. Nc3 Rxe2 23. Rxe2 a5 24. Nd5 a4 25. Nc1 Nd4 26. Rd2 Re8 27. Kf1
Bc6 28. Nf4 f5 29. c3 Nb5 30. a3 Bf6 31. Nxh5 Bd8 32. Ne2 Rh8 33. Nhf4 Bxh4 34.
Bxh4 Rxh4 35. Kg1 Rh8 36. d4 cxd4 37. cxd4 Rd8 38. d5 Be8 39. Rc2 Kf6 40. Rc4
Ke5 41. Rxa4 Nc3 42. Rc4 Nxe2+ 43. Nxe2 Rd7 44. Nc3 Bf7 45. f4+ gxf3 46. gxf3
Bxd5 47. Nxd5 Rxd5 48. Rc2 Kf4 49. Kf2 b5 50. a4 bxa4 51. Rc4+ Ke5 52. Rxa4
Rd2+ 53. Ke3 Rxb2 54. Ra5+ Ke6 55. Rc5 Rb3+ 56. Kf4 Rb4+ 57. Kg5 Rb3 58. Rxf5
1/2-1/2

[Event "25. Copenhagen Open  (Politiken Cup)"]
[Site "Copenhagen"]
[Date "2003.07.20"]
[Round "7"]
[White "Larsen, Alex"]
[Black "Jensen, Alexander Lindberg"]
[Result "0-1"]
[WhiteElo "1305"]
[BlackElo "1539"]
[PlyCount "58"]
[EventDate "2003.07.14"]
[EventType "swiss"]
[EventRounds "11"]
[EventCountry "DEN"]
[SourceDate "2004.01.01"]

1. d4 d5 2. Nf3 Nf6 3. e3 e6 4. Be2 c5 5. O-O Nc6 6. b3 Be7 7. Bb2 O-O 8. c4 b6
9. Nc3 Bb7 10. Qc2 cxd4 11. Nxd4 Nxd4 12. exd4 dxc4 13. Rfd1 cxb3 14. axb3 Nd5
15. Nxd5 Bxd5 16. f3 Rc8 17. Qd3 Qd7 18. Qe3 Rc2 19. Ba3 Bxa3 20. Rxa3 Rfc8 21.
Rda1 a5 22. b4 axb4 23. Ra6 b3 24. Rxb6 b2 25. Rb1 Rc1+ 26. Rxc1 bxc1=Q+ 27.
Qxc1 Rxc1+ 28. Kf2 Qa7 29. Rb4 g5 0-1

[Event "25. Copenhagen Open  (Politiken Cup)"]
[Site "Copenhagen"]
[Date "2003.07.20"]
[Round "7"]
[White "Larsen, Allan"]
[Black "Semcesen, Daniel"]
[Result "0-1"]
[WhiteElo "2160"]
[BlackElo "2234"]
[PlyCount "84"]
[EventDate "2003.07.14"]
[EventType "swiss"]
[EventRounds "11"]
[EventCountry "DEN"]
[SourceDate "2004.01.01"]

1. e4 c5 2. Nf3 Nc6 3. d3 g6 4. g3 Bg7 5. Bg2 e5 6. O-O Nge7 7. Nc3 O-O 8. Bg5
h6 9. Be3 Nd4 10. Qd2 Kh7 11. h4 d6 12. Nh2 Be6 13. f4 Qd7 14. Rf2 Rae8 15. Ne2
b5 16. c3 Ndc6 17. h5 f5 18. Raf1 gxh5 19. fxe5 Nxe5 20. Nf4 Bf7 21. exf5 Ng8
22. Ng6 Nxg6 23. fxg6+ Bxg6 24. Rxf8 Rxf8 25. Rxf8 Bxf8 26. d4 Qf5 27. dxc5
dxc5 28. Nf3 Nf6 29. Bf4 Bg7 30. Bf1 Qb1 31. Ne5 Bf5 32. Nd3 c4 33. Nc1 Ng4 34.
Qd5 a6 35. a3 Qc2 36. Qd2 Qe4 37. Bg2 Qe6 38. Ne2 Bd3 39. Bf3 Be4 40. Nd4 Bxd4+
41. Qxd4 Bxf3 42. Bd2 Qe2 0-1

[Event "25. Copenhagen Open  (Politiken Cup)"]
[Site "Copenhagen"]
[Date "2003.07.20"]
[Round "7"]
[White "Larsen, Karsten"]
[Black "Skjoldan, Benjamin"]
[Result "1/2-1/2"]
[WhiteElo "2282"]
[BlackElo "2092"]
[PlyCount "107"]
[EventDate "2003.07.14"]
[EventType "swiss"]
[EventRounds "11"]
[EventCountry "DEN"]
[SourceDate "2004.01.01"]

1. e4 c5 2. Nf3 Nc6 3. Bb5 e6 4. O-O Nge7 5. Re1 a6 6. Bxc6 Nxc6 7. d4 cxd4 8.
Nxd4 Qc7 9. Nxc6 Qxc6 10. Nc3 d6 11. Nd5 b5 12. a4 Qb7 13. Nf4 bxa4 14. Rxa4
Bd7 15. Ra3 Be7 16. Rb3 Qc7 17. Rg3 g6 18. Rc3 Qd8 19. h4 Rc8 20. Rxc8 Bxc8 21.
h5 Bf6 22. b3 Bb7 23. Ba3 Be5 24. Nd3 Bc3 25. Bb2 Bxb2 26. Nxb2 O-O 27. Nc4 d5
28. exd5 Bxd5 29. Ne3 Bb7 30. hxg6 hxg6 31. Qxd8 Rxd8 32. Rd1 Rxd1+ 33. Nxd1
Kf8 34. Kf1 Ke7 35. g3 Bf3 36. Ne3 f5 37. Ke1 e5 38. Kd2 f4 39. Nc4 Ke6 40. Nb2
Bc6 41. gxf4 exf4 42. Ke2 g5 43. f3 Ke5 44. c3 Bb7 45. Kf2 Ke6 46. b4 Kd5 47.
Ke2 Bc8 48. Kf2 g4 49. fxg4 Bxg4 50. Nd3 Kc4 51. Nxf4 Kxc3 52. Nd5+ Kc4 53. Nc7
Kxb4 54. Nxa6+ 1/2-1/2

[Event "25. Copenhagen Open  (Politiken Cup)"]
[Site "Copenhagen"]
[Date "2003.07.20"]
[Round "7"]
[White "Larsen, Steen Skovlund"]
[Black "Rorvik, Jon F"]
[Result "1/2-1/2"]
[WhiteElo "2310"]
[BlackElo "2162"]
[PlyCount "114"]
[EventDate "2003.07.14"]
[EventType "swiss"]
[EventRounds "11"]
[EventCountry "DEN"]
[SourceDate "2004.01.01"]

1. d4 d5 2. c4 e6 3. Nc3 c6 4. Nf3 Nf6 5. Bg5 Nbd7 6. e3 Bd6 7. Qc2 O-O 8. cxd5
exd5 9. Bd3 h6 10. Bh4 Re8 11. O-O Nf8 12. Rfe1 Bg4 13. Nd2 Be6 14. Nf1 Rc8 15.
Rad1 Be7 16. a3 Bg4 17. f3 Bh5 18. Ng3 Bg6 19. Nf5 Bxf5 20. Bxf5 N6d7 21. Bf2
Bf6 22. b4 g6 23. Bd3 Ne6 24. Bf1 Ndf8 25. Qb3 Bh4 26. Qb2 Bxf2+ 27. Qxf2 Nh7
28. e4 dxe4 29. fxe4 Qf6 30. Qxf6 Nxf6 31. e5 Nd5 32. Ne4 Rcd8 33. Bc4 Kg7 34.
Nd6 Re7 35. Rd2 Nb6 36. Bxe6 fxe6 37. Rf1 Rf8 38. Rxf8 Kxf8 39. h4 h5 40. Kf2
a6 41. Kf3 Nd5 42. g4 hxg4+ 43. Kxg4 Kg7 44. Kg5 Ne3 45. h5 gxh5 46. Kxh5 Rd7
47. Kg5 Nd5 48. Rh2 Nc3 49. Rh6 Re7 50. Rg6+ Kf8 51. Rf6+ Kg7 52. Rg6+ Kf8 53.
Rf6+ Kg7 54. Rh6 Ne2 55. Rg6+ Kf8 56. Rf6+ Kg7 57. Rg6+ Kf8 1/2-1/2

[Event "25. Copenhagen Open  (Politiken Cup)"]
[Site "Copenhagen"]
[Date "2003.07.20"]
[Round "7"]
[White "Larsen, Ulrik"]
[Black "Remman, Frank"]
[Result "1-0"]
[WhiteElo "1951"]
[BlackElo "1548"]
[PlyCount "141"]
[EventDate "2003.07.14"]
[EventType "swiss"]
[EventRounds "11"]
[EventCountry "DEN"]
[SourceDate "2004.01.01"]

1. e4 c5 2. Nf3 e6 3. d4 cxd4 4. Nxd4 a6 5. Nc3 Qc7 6. g3 b5 7. Bg2 Bb7 8. O-O
Nc6 9. Re1 Nxd4 10. Qxd4 d6 11. a4 bxa4 12. Qxa4+ Bc6 13. Qd4 Nf6 14. Nd5 Bxd5
15. exd5 e5 16. Qa4+ Qd7 17. Qc6 Rc8 18. Qxa6 Be7 19. Qb6 Bd8 20. Qb3 O-O 21.
Be3 Qc7 22. c3 Rb8 23. Qc2 Qc4 24. Ra4 Rxb2 25. Qxh7+ Kxh7 26. Rxc4 Rc2 27. Rc6
Be7 28. c4 Kg8 29. c5 dxc5 30. d6 Bxd6 31. Rxd6 Rc8 32. Rc1 Rxc1+ 33. Bxc1 c4
34. Rc6 Rd8 35. Rxc4 Rd1+ 36. Bf1 Nd7 37. Rc8+ Kh7 38. Rd8 f5 39. Kg2 Kg6 40.
Bb2 Kf6 41. Bb5 Rb1 42. Rxd7 Rxb2 43. Bc4 e4 44. Rd6+ Ke7 45. Re6+ Kf8 46. g4
Rc2 47. Bd5 Rc5 48. Bxe4 fxe4 49. Rxe4 Rc3 50. h4 g6 51. Re3 Rc4 52. Kg3 Kf7
53. g5 Rd4 54. f3 Rd1 55. Re4 Rg1+ 56. Kf2 Rh1 57. Ke3 Rh3 58. Rf4+ Kg7 59. Ke4
Rh1 60. Ke5 Re1+ 61. Re4 Rh1 62. Ra4 Re1+ 63. Kf4 Rg1 64. Ra7+ Kg8 65. Ke5 Rb1
66. Re7 Kf8 67. Kf6 Rb4 68. Rf7+ Ke8 69. Kxg6 Rxh4 70. f4 Rh1 71. Ra7 1-0

[Event "25. Copenhagen Open  (Politiken Cup)"]
[Site "Copenhagen"]
[Date "2003.07.20"]
[Round "7"]
[White "Larsson, Nicolai"]
[Black "Jensen, Jonbert"]
[Result "0-1"]
[WhiteElo "1238"]
[BlackElo "1376"]
[PlyCount "56"]
[EventDate "2003.07.14"]
[EventType "swiss"]
[EventRounds "11"]
[EventCountry "DEN"]
[SourceDate "2004.01.01"]

1. e4 c5 2. Nf3 Nc6 3. d4 cxd4 4. Nxd4 Nf6 5. Nc3 a6 6. Bc4 e5 7. Nxc6 bxc6 8.
O-O Bc5 9. Kh1 O-O 10. f4 Bd4 11. Ne2 Ba7 12. Ng3 d5 13. fxe5 Ng4 14. exd5 Qh4
15. h3 Qxg3 16. Bf4 Nf2+ 17. Rxf2 Qxf2 18. Bh2 cxd5 19. Bxd5 Rb8 20. e6 fxe6
21. Bxb8 Bxb8 22. Bf3 Qg3 23. Qg1 Rxf3 24. Rd1 Bc7 25. Rd8+ Bxd8 26. gxf3 Qxh3+
27. Qh2 Qxf3+ 28. Kg1 Bb6+ 0-1

[Event "25. Copenhagen Open  (Politiken Cup)"]
[Site "Copenhagen"]
[Date "2003.07.20"]
[Round "7"]
[White "Laursen, Niels Norskov"]
[Black "Hanssen, Gunnar Berg"]
[Result "1-0"]
[WhiteElo "2109"]
[BlackElo "2280"]
[PlyCount "49"]
[EventDate "2003.07.14"]
[EventType "swiss"]
[EventRounds "11"]
[EventCountry "DEN"]
[SourceDate "2004.01.01"]

1. e4 c6 2. d4 d5 3. e5 Bf5 4. Nf3 e6 5. Be2 c5 6. O-O Nc6 7. c3 cxd4 8. cxd4
Nge7 9. Nc3 Nc8 10. Be3 Nb6 11. Rc1 Be7 12. Na4 Nxa4 13. Qxa4 O-O 14. Bb5 Nb4
15. a3 Nd3 16. Bxd3 Bxd3 17. Rfe1 Qb6 18. Qd7 Rfe8 19. Bg5 Bxg5 20. Nxg5 Bg6
21. b4 Red8 22. Qe7 Qxd4 23. Nxe6 Qb6 24. Nxd8 Rxd8 25. Rc7 1-0

[Event "25. Copenhagen Open  (Politiken Cup)"]
[Site "Copenhagen"]
[Date "2003.07.20"]
[Round "7"]
[White "Liden, Tommy"]
[Black "Liden, Jimmy"]
[Result "1-0"]
[WhiteElo "1883"]
[BlackElo "1530"]
[PlyCount "53"]
[EventDate "2003.07.14"]
[EventType "swiss"]
[EventRounds "11"]
[EventCountry "DEN"]
[SourceDate "2004.01.01"]

1. e4 e6 2. d4 d5 3. Nd2 c5 4. exd5 exd5 5. Ngf3 Bg4 6. Bb5+ Bd7 7. Bxd7+ Nxd7
8. O-O Be7 9. Re1 Nh6 10. c4 O-O 11. cxd5 cxd4 12. Nxd4 Nb6 13. Ne4 Bb4 14.
Bxh6 Bxe1 15. Qg4 g6 16. Bxf8 Kxf8 17. Rxe1 Nxd5 18. Ng5 Kg8 19. Ngf3 Qb6 20.
b3 Nc3 21. a4 Rd8 22. h4 Qb4 23. Qg5 Rxd4 24. Re8+ Kg7 25. Qe5+ f6 26. Qxd4
Qxb3 27. Re7+ 1-0

[Event "25. Copenhagen Open  (Politiken Cup)"]
[Site "Copenhagen"]
[Date "2003.07.20"]
[Round "7"]
[White "Lisdorf, Bjorn"]
[Black "Lauritsen, Martin Lee"]
[Result "0-1"]
[WhiteElo "1398"]
[BlackElo "1687"]
[PlyCount "76"]
[EventDate "2003.07.14"]
[EventType "swiss"]
[EventRounds "11"]
[EventCountry "DEN"]
[SourceDate "2004.01.01"]

1. e4 c5 2. d4 cxd4 3. c3 dxc3 4. Nxc3 Nc6 5. Nf3 d6 6. Bc4 a6 7. Qe2 Nf6 8.
Be3 Bg4 9. O-O Rc8 10. Bb3 e6 11. h3 Bxf3 12. Qxf3 Be7 13. Rfd1 O-O 14. Rac1 b5
15. a3 Ne5 16. Qe2 Nc4 17. Bxc4 Rxc4 18. e5 Ne8 19. a4 Qa5 20. axb5 axb5 21.
Ra1 Qb4 22. Ra7 dxe5 23. Rdd7 Bc5 24. Bxc5 Qxc5 25. Ne4 Qb4 26. Ng5 Rc1+ 27.
Rd1 Rxd1+ 28. Qxd1 h6 29. Nxf7 Rxf7 30. Rxf7 Kxf7 31. Qd7+ Kf8 32. Qxe6 Qxb2
33. Qf5+ Nf6 34. Qc8+ Kf7 35. Qb7+ Kg6 36. Qc8 h5 37. h4 b4 38. Qh3 Qc1+ 0-1

[Event "25. Copenhagen Open  (Politiken Cup)"]
[Site "Copenhagen"]
[Date "2003.07.20"]
[Round "7"]
[White "Madsen, Poul Henrik"]
[Black "Schjelderup, Nils-Jakob"]
[Result "1-0"]
[WhiteElo "2080"]
[BlackElo "1587"]
[PlyCount "33"]
[EventDate "2003.07.14"]
[EventType "swiss"]
[EventRounds "11"]
[EventCountry "DEN"]
[SourceDate "2004.01.01"]

1. d4 Nf6 2. Nf3 g6 3. c3 Bg7 4. Bg5 O-O 5. h4 h5 6. Nbd2 d6 7. e3 Qe8 8. Be2
e5 9. dxe5 dxe5 10. Bxf6 Bxf6 11. Ne4 Bg7 12. Nfg5 Nd7 13. g4 hxg4 14. h5 gxh5
15. Rxh5 Nf6 16. Nxf6+ Bxf6 17. Qc2 1-0

[Event "25. Copenhagen Open  (Politiken Cup)"]
[Site "Copenhagen"]
[Date "2003.07.20"]
[Round "7"]
[White "Malmberg, Mio"]
[Black "Richards, Heather"]
[Result "0-1"]
[WhiteElo "2095"]
[BlackElo "2233"]
[PlyCount "122"]
[EventDate "2003.07.14"]
[EventType "swiss"]
[EventRounds "11"]
[EventCountry "DEN"]
[SourceDate "2004.01.01"]

1. d4 e6 2. e4 d5 3. exd5 exd5 4. Bd3 Nc6 5. c3 Bd6 6. Ne2 Nge7 7. Bf4 Bg4 8.
f3 Bf5 9. O-O Qd7 10. a4 O-O 11. Re1 Rfe8 12. Bxd6 Qxd6 13. Ng3 Bxd3 14. Qxd3
Ng6 15. Na3 a6 16. Re3 Nf4 17. Qd2 Qf6 18. Rae1 Rxe3 19. Qxe3 h5 20. Ne2 Ne6
21. Nb1 Ne7 22. Nd2 Nf5 23. Qe5 Qxe5 24. dxe5 Nc5 25. Nf4 Nxa4 26. Nxh5 b5 27.
g4 Nh4 28. Rb1 c5 29. Kf2 Rd8 30. Nb3 Ng6 31. f4 Ne7 32. Ng3 Nc6 33. Ne2 g5 34.
e6 fxe6 35. fxg5 e5 36. h4 d4 37. cxd4 exd4 38. Nf4 Ne5 39. Re1 Nxg4+ 40. Kf3
Ne3 41. Ne6 Rc8 42. Nbxc5 Nxc5 43. Rc1 Nc4 44. Nxd4 Nxb2 45. h5 Nbd3 46. Rb1
Rf8+ 47. Ke3 Nf4 48. Nxb5 axb5 49. Rxb5 Nce6 50. Re5 Ng7 51. h6 Ne8 52. Ra5 Kh7
53. Ra6 Rf7 54. Kd4 Nc7 55. Ra5 Nce6+ 56. Ke3 Nh3 57. g6+ Kxg6 58. h7 Rxh7 59.
Ra8 Nhg5 60. Kf2 Rh3 61. Rg8+ Kf5 0-1